[Event "18th Hampstead U2200 Congress"]
[Site "London, England"]
[Date "2014.06.21"]
[Round "3"]
[White "Huang, Dion"]
[Black "Anilkumar, Anantha P"]
[Result "1-0"]
[WhiteElo "1744"]
[BlackElo "1746"]

1. d4 Nf6 2. Bg5 Ne4 3. Bf4 c5 4. f3 Qa5+ 5. c3 Nf6 6. Nd2 cxd4 7. cxd4 Nc6 8.
Be3 g6 9. Bf2 d5 10. e3 Bg7 11. a3 a6 12. Bd3 O-O 13. Ne2 Bd7 14. O-O Rac8 15.
Nc3 Qd8 16. Rc1 Na5 17. Qe2 b5 18. Bg3 Nc4 19. Nb3 Bh6 20. Bf2 a5 21. Nc5 Rb8
{ (=)} 22. Nxd7 Qxd7 23. Rc2 Rfc8 24. Re1 a4 25. e4 dxe4 26. Nxe4 Nxe4 27.
Qxe4 e6 28. Qe2 Qd5 {(=)} 29. Be4 Qd7 30. Rd1 f5 31. Bd3 Qd5 32. Re1 Rb6 33.
Bxc4 bxc4 34. Qe5 Qxe5 35. Rxe5 Rd6 36. Ra5 Bg7 37. Rxa4 Bxd4 38. Bxd4 Rxd4
39. b3 Rd1+ 40. Kf2 c3 41. Rc4 Rcd8 42. R4xc3 f4 43. Re2 R8d2 44. Rc2 Rd3 45.
Rb2 Ra1 46. a4 Ra3 47. b4 Rxa4 48. Rxe6 Ra7 49. b5 Rb7 50. b6 Kf7 51. Rc6 Rdd7
52. Re2 Rb8 53. Rc7 Rxc7 54. bxc7 Rc8 55. Rc2 Ke6 56. Ke2 Kd5 57. Kd3 g5 58.
h3 h6 59. Rc1 Ke5 60. Rc5+ Kd6 61. Kd4 Rxc7 62. Rxc7 Kxc7 63. Ke5 Kd7 64. h4
Kc6 65. hxg5 hxg5 66. Kf5 g4 67. Kxg4 Kd7 68. Kxf4 Ke7 69. Kf5 Kf7 70. g4 Kg7
71. g5 Kf7 72. g6+ Ke7 73. Kg5 Ke8 74. Kh6 Kf8 75. Kh7 {#r} 1-0

[Event "18th Hampstead U2200 Congress"]
[Site "London, England"]
[Date "2014.06.21"]
[Round "3"]
[White "Samadov, Samir"]
[Black "Landau, Jonathan"]
[Result "0-1"]
[WhiteElo "1648"]
[BlackElo "1937"]

1. e4 e5 2. Nf3 Nc6 3. Bc4 Nf6 4. Ng5 d5 5. exd5 Na5 6. Bb5+ c6 7. dxc6 bxc6
8. Be2 h6 9. Nf3 e4 10. Ne5 Qc7 11. d4 exd3 12. Nxd3 Bd6 13. h3 O-O 14. Nd2 c5
15. c4 Re8 16. O-O Bf5 17. Re1 Rad8 18. Nf3 {(=)} Rxe2 19. Rxe2 Bxd3 20. Rd2
Bxc4 21. b3 Bd5 22. Bb2 Bxf3 23. Bxf6 Bxd1 24. Bxd8 Qxd8 25. Raxd1 Nb7 26. Re2
Bh2+ 27. Kxh2 Qxd1 28. Re3 Qd2 29. Rf3 Qxa2 30. Rd3 Qxf2 31. Rd7 Qf4+ 32. Kh1
Qe4 33. Rd1 Qb4 34. Rb1 Na5 35. Ra1 Nc6 36. Rxa7 Nxa7 37. g4 Qxb3 38. g5 hxg5
39. h4 gxh4 40. Kg1 Qc2 41. Kh1 Qe2 42. Kg1 g5 43. Kh1 f5 44. Kg1 g4 45. Kh1
f4 46. Kg1 c4 47. Kh1 h3 48. Kg1 Qg2# 0-1

[Event "18th Hampstead U2200 Congress"]
[Site "London, England"]
[Date "2014.06.21"]
[Round "3"]
[White "Brozel, Sacha"]
[Black "Villiers, Thomas"]
[Result "0-1"]
[WhiteElo "1766"]
[BlackElo "2076"]

1. d4 d5 2. c4 e6 3. Nf3 c5 4. cxd5 exd5 5. g3 Nc6 6. Bg2 Nf6 7. O-O Be7 8.
Bg5 O-O 9. Nc3 Be6 10. e3 Ne4 11. Bxe7 Qxe7 12. Ne2 c4 13. Nd2 Nxd2 14. Qxd2
b5 15. Nc3 Qb4 16. e4 Rad8 17. e5 Qa5 18. a3 Qb6 19. Ne2 Bf5 20. Rfd1 Bd3 21.
Nf4 Qxd4 22. Nxd3 cxd3 23. Qxd3 Qxb2 24. Rab1 Qxe5 25. Qxb5 Nd4 26. Qb2 Rb8
27. Qd2 Ne2+ 28. Kf1 Nc3 29. Rxb8 Rxb8 30. Re1 Ne4 31. Qa5 Qd4 32. Bxe4 dxe4
33. Qc7 Rd8 34. Rxe4 Qd3+ 35. Re2 Re8 36. Qc2 Qa6 37. a4 Rxe2 38. Qxe2 Qxa4
39. Qe7 Qa1+ 40. Kg2 g6 41. h4 h5 42. f4 a5 43. f5 Qa2+ 44. Kh3 Qd5 45. Qe8+
Kg7 46. g4 Qh1+ 47. Kg3 Qg1+ 48. Kf4 Qf2+ {#R} 0-1

[Event "18th Hampstead U2200 Congress"]
[Site "London, England"]
[Date "2014.06.21"]
[Round "3"]
[White "Mkpadi, Michael"]
[Black "Kalavannan, Koby"]
[Result "0-1"]
[WhiteElo "1735"]
[BlackElo "1946"]

1. Nc3 d5 2. e4 d4 3. Nce2 e5 4. Nf3 Bd6 5. Ng3 Nf6 6. Bb5+ c6 7. Bc4 b5 8.
Bb3 h5 9. d3 h4 10. Nf5 Bxf5 11. exf5 Qd7 12. Bg5 h3 13. gxh3 Qxf5 14. Qe2 Kf8
15. h4 Nbd7 16. Nd2 Nc5 17. Qf3 Qxf3 18. Nxf3 Nxb3 19. axb3 Nd5 20. Bd2 Ne7
21. Ra6 f6 22. Ke2 Bc5 23. b4 Bb6 24. Rha1 Re8 25. b3 Nf5 26. Rxa7 Bxa7 27.
Rxa7 Rc8 28. Be1 Nxh4 29. Nd2 f5 30. f4 Ng6 31. fxe5 Rxh2+ 32. Kd1 Nxe5 33.
Bg3 Rh1+ 34. Ke2 Re8 35. Kf2 Rc1 36. Bxe5 Rxe5 37. Nf3 Rxc2+ 38. Kf1 Rd5 39.
Ng5 f4 40. Ne6+ Kg8 41. Rxg7+ Kh8 42. Rg4 Rh5 43. Kg1 f3 44. Nxd4 f2+ 45. Kg2
f1=Q+ 46. Kxf1 Rh1+ {#R} 0-1

[Event "18th Hampstead U2200 Congress"]
[Site "London, England"]
[Date "2014.06.21"]
[Round "3"]
[White "Carter, John"]
[Black "Millward, David J"]
[Result "0-1"]
[WhiteElo "1713"]
[BlackElo "1866"]

1. d4 Nf6 2. c4 e6 3. Nf3 d5 4. Nc3 Be7 5. Bg5 O-O 6. e3 Nbd7 7. Qc2 c6 8.
O-O-O dxc4 9. Bxc4 Nd5 10. Bxe7 Qxe7 11. Nxd5 cxd5 12. Bd3 Nf6 13. Ne5 Bd7 14.
Kb1 Rfc8 15. Qb3 Rc7 16. g4 Rac8 17. f3 Be8 18. h4 Nd7 19. f4 Nb6 20. h5 Ba4
21. Qa3 Qxa3 22. bxa3 Bxd1 23. Rxd1 f6 24. Nf3 Nc4 25. Bxc4 Rxc4 26. Ne1 Rc3
27. Nd3 Rxa3 28. Kb2 Rac3 29. Rd2 b6 30. g5 Kf7 31. e4 dxe4 32. g6+ hxg6 33.
hxg6+ Kxg6 34. Nc5 R8xc5 {Neither scoresheet says which rook took the knight.
Assuming R8xc5.} 35. dxc5 Rxc5 36. Rd6 Kf5 37. Rd7 Kxf4 {#R} 0-1

[Event "18th Hampstead U2200 Congress"]
[Site "London, England"]
[Date "2014.06.21"]
[Round "3"]
[White "Ngulube, Michael"]
[Black "Seman, Myroslav"]
[Result "1-0"]
[WhiteElo "1690"]
[BlackElo "1826"]

1. d4 g6 2. c4 Bg7 3. Nc3 e6 4. e4 Ne7 5. f4 c6 6. Nf3 a5 7. Be2 d5 8. O-O
dxc4 9. Bxc4 b5 10. Be2 Nd7 11. Be3 Nf6 12. Nd2 Ba6 13. Rc1 Qb6 14. Bf2 Rd8
15. d5 c5 16. Nb3 exd5 17. Bxc5 Qb8 18. Bxe7 Kxe7 19. e5 Ne8 20. Nd4 Kf8 21.
Kh1 Rc8 22. Bxb5 Nc7 23. Qa4 Nxb5 24. Ncxb5 Qb6 25. Rxc8+ Bxc8 26. Nd6 Ke7 27.
Qa3 Kd7 28. Nb3 f6 29. Nc5+ Ke7 30. Nb3 Kd7 31. Rc1 fxe5 32. Nf7 Re8 33. Nc5+
Kc7 34. Na4+ Qc6 35. Rxc6+ Kxc6 36. Qc5+ Kb7 37. Nd6+ {#r} 1-0

[Event "18th Hampstead U2200 Congress"]
[Site "London, England"]
[Date "2014.06.21"]
[Round "3"]
[White "Winter, Malcolm J"]
[Black "Finnegan, Oliver"]
[Result "0-1"]
[WhiteElo "1526"]
[BlackElo "1818"]

1. d4 Nf6 2. Nf3 e6 3. Bg5 c5 4. e3 Qb6 5. Qc1 Ne4 6. Bf4 Nc6 7. c3 Be7 8. Bd3
f5 9. Nbd2 d5 10. Ne5 Nxe5 11. Bxe5 Bd7 12. Qc2 Bh4 13. g3 Bf6 14. Nf3 Bb5 15.
Bxb5+ Qxb5 16. Qe2 Qxe2+ 17. Kxe2 Rc8 18. Rhc1 Bxe5 19. Nxe5 Ke7 20. Nd3 c4
21. Ne5 Nf6 22. Rc2 Nd7 23. Nf3 Kf6 24. Rac1 g5 25. b3 g4 26. Nd2 b5 27. b4 h5
28. Rh1 h4 29. Rcc1 Nb6 30. f3 Rcg8 31. f4 Rh7 32. Kf2 Rgh8 33. Kg2 Na4 34.
Rc2 hxg3 35. Kxg3 Rh3+ 36. Kf2 Rxh2+ 37. Rxh2 Rxh2+ 38. Kg3 Rh3+ 39. Kf2 Kg6
40. Nf1 Kh5 41. Kg1 Nb6 42. Rh2 Rxh2 43. Ng3+ Kh4 44. Kxh2 Na4 45. Ne2 Nb2 46.
Kg2 Nd1 47. Kf1 Nxe3+ 48. Kf2 Nd1+ 49. Kg2 Nb2 50. Kf2 Nd3+ 51. Kg2 a6 52. Kh2
Nf2 53. Kg2 Ne4 54. a3 g3 55. Kf3 Kh3 56. Ng1+ Kh2 57. Ne2 g2 {#R} 0-1

[Event "18th Hampstead U2200 Congress"]
[Site "London, England"]
[Date "2014.06.21"]
[Round "3"]
[White "Balouka Myers, Reuben"]
[Black "Dziedzic, Tomek"]
[Result "0-1"]
[WhiteElo "1500"]
[BlackElo "1795"]

1. e4 e5 2. Nf3 Nc6 3. Bb5 Nf6 4. Bxc6 dxc6 5. O-O Bd6 6. d4 Nd7 7. Nc3 O-O 8.
dxe5 Nxe5 9. Bf4 Ng6 10. Bxd6 cxd6 11. Qd3 Qc7 12. Rad1 Rd8 13. Rfe1 Bg4 14.
h3 Ne5 15. Qe3 Nxf3+ 16. gxf3 Bxh3 17. f4 Bg4 18. Rd3 h6 19. Qg3 Bh5 20. Qh4
g6 21. Rg3 Kh7 22. f5 Rg8 23. Ne2 Bxe2 24. Rxe2 gxf5 25. exf5 Rxg3+ 26. fxg3
Qb6+ 27. Kh1 Qxb2 28. Qh5 Qf6 {#R} 0-1

[Event "18th Hampstead U2200 Congress"]
[Site "London, England"]
[Date "2014.06.21"]
[Round "3"]
[White "Zhao, Haolin"]
[Black "Yiamakis, Albert"]
[Result "0-1"]
[WhiteElo "1355"]
[BlackElo "1767"]

1. e4 c5 2. Nc3 Nc6 3. f4 e6 4. Nf3 d5 5. Bb5 Nge7 6. O-O Bd7 7. Re1 a6 8. Bf1
d4 9. Ne2 Ng6 10. d3 Be7 11. Ng3 O-O 12. Nh5 f5 13. e5 Nb4 14. a3 Nd5 15. c4
dxc3 16. bxc3 b5 17. c4 Nb6 18. Qc2 Bc6 19. Be2 Nh4 20. Nxh4 Qd4+ 21. Kf1 Bxh4
22. Ng3 Rfd8 23. Rb1 Na4 24. Rd1 Nc3 25. Rb3 Nxd1 26. Bxd1 bxc4 27. Rc3 cxd3
28. Qd2 c4 29. Bb2 Rab8 30. a4 Rb4 31. Rb3 cxb3 32. Bxd4 Rdxd4 33. Qb2 Rxf4+
34. Kg1 Bd8 35. Nf1 Bb6+ 36. Ne3 Bxe3+ 37. Qf2 Rxf2 38. Be2 dxe2 39. h3 e1=Q+
40. Kh2 Bf4# 0-1

[Event "18th Hampstead U2200 Congress"]
[Site "London, England"]
[Date "2014.06.21"]
[Round "3"]
[White "Karia, Kamlesh"]
[Black "Jamieson, Alexander"]
[Result "0-1"]
[WhiteElo "1587"]
[BlackElo "1334"]

1. e4 e6 2. d4 d5 3. e5 c5 4. c3 Nc6 5. Nf3 Qb6 6. Qb3 Bd7 7. Qxb6 axb6 8. a3
cxd4 9. Nxd4 Nxe5 10. Nb5 Bxb5 11. Bxb5+ Nc6 12. Bg5 Bd6 13. Nd2 Nge7 14. Nf3
Nf5 15. g4 Nfe7 16. Rd1 O-O 17. h4 h6 18. Bc1 Ne5 19. Nxe5 Bxe5 20. h5 Nc6 21.
g5 hxg5 22. Bxg5 f6 23. Bc1 Rad8 24. Bd3 d4 25. c4 Ne7 26. h6 g6 27. Ke2 Kf7
28. Rdg1 Rh8 29. Bd2 Rdg8 30. b4 Rh7 31. b5 Rgh8 32. a4 f5 33. Bg5 Bf6 34. f4
Ng8 35. Ra1 Nxh6 36. a5 bxa5 37. Rxa5 Ng4 38. Rxh7+ Rxh7 39. Ra7 Ke8 40. Bxf6
Nxf6 41. c5 Kd8 42. Bc4 Ne4 43. c6 Nc5 44. b6 Rh2+ 45. Kf3 bxc6 46. b7 Rb2 47.
Ra8+ Kc7 48. Rg8 Rxb7 49. Rxg6 Kd6 50. Rg2 Rb4 51. Bf1 Rb3+ 52. Ke2 Rb2+ 53.
Kd1 Rxg2 54. Bxg2 Ne4 55. Bf1 e5 56. fxe5+ Kxe5 57. Bc4 c5 58. Ke2 Nc3+ 59.
Kf3 Nd5 60. Bd3 Nb4 61. Bc4 d3 62. Ke3 f4+ 63. Kf3 Kd4 64. Bb5 d2 65. Be2 Nd5
66. Bd1 c4 67. Ke2 Nc3+ 68. Kxd2 Nxd1 69. Kxd1 Kd3 {#R} 0-1

[Event "18th Hampstead U2200 Congress"]
[Site "London, England"]
[Date "2014.06.21"]
[Round "3"]
[White "Baroukh, Leon"]
[Black "Meikle-Briggs, Richard"]
[Result "0-1"]
[WhiteElo "1582"]
[BlackElo "1736"]

1. d4 d5 2. c4 Nf6 3. cxd5 Nxd5 4. e4 Nb6 5. Nc3 e6 6. Nf3 Bd7 7. Bf4 Bb4 8.
Qb3 a5 9. a3 Ba4 10. Bb5+ Bxb5 11. axb4 a4 12. Qc2 Bd7 13. O-O Nc6 14. Nb5 Rc8
15. Qc5 Na8 16. Bxc7 Rxc7 17. Nd6+ Kf8 18. Nb5+ Qe7 19. Nxc7 Nxc7 20. Ne5 Be8
21. Rfd1 Nxb4 22. Qxe7+ Kxe7 23. Rdc1 Nca6 24. Rc8 b5 25. Rac1 f6 26. Nf3 Rf8
27. Ra8 Bd7 28. Ra7 Nb8 29. Rcc7 Rd8 30. Rab7 N4a6 31. Rc1 Kf8 32. h4 Bc6 33.
Rb6 Bxe4 34. Rxe6 Bxf3 35. gxf3 Rxd4 36. Rc8+ Kf7 37. Ree8 Rxh4 38. Rf8+ Kg6
39. Rce8 Rb4 40. Re7 Nc6 41. Re6 Nab8 42. Kg2 Rxb2 43. Kg3 a3 44. Re1 a2 45.
Ra1 b4 46. Kf4 Rb1 47. Rxa2 b3 48. Ra3 b2 49. Rb3 Nd4 50. Rb6 Nd7 51. Rfb8
Nxb8 52. Rxb8 Ne6+ 53. Kg3 Rg1+ 54. Kh3 b1=Q 55. Rxb1 Ng5+ 56. Kh2 Nxf3+ 57.
Kh3 Rxb1 58. Kg3 Ne5 59. f4 Rb3+ 60. Kh4 Kf5 {#R} 0-1

[Event "18th Hampstead U2200 Congress"]
[Site "London, England"]
[Date "2014.06.21"]
[Round "3"]
[White "Balouka Myers, Gabriel"]
[Black "Oliveri, Claudio"]
[Result "0-1"]
[WhiteElo "1583"]
[BlackElo "1683"]

1. d4 Nf6 2. c4 c5 3. d5 b5 4. e3 g6 5. Nf3 Bg7 6. Nc3 O-O 7. cxb5 a6 8. b6 d6
9. Bd3 Nbd7 10. Nd2 Nxb6 11. Qf3 Ng4 12. Bc2 Ne5 13. Qg3 Bb7 14. e4 e6 15.
dxe6 fxe6 16. f3 Nec4 17. Nxc4 Nxc4 18. O-O Bd4+ 19. Kh1 Ne3 20. Bxe3 Bxe3 21.
Rad1 Bf4 22. Qg4 Bc8 23. Bb3 Qe7 24. g3 Bh6 25. Na4 Rb8 26. Rd3 Kh8 27. Qh3
Bg7 28. Qg2 Bd7 29. Rfd1 Bxa4 30. Bxa4 Rxb2 31. Qf1 Bd4 32. Bb3 Rf2 33. Qh3
Qf6 34. f4 e5 35. fxe5 dxe5 36. R3d2 {(=)} Qf3+ 37. Kg1 Rf1# 0-1

[Event "18th Hampstead U2200 Congress"]
[Site "London, England"]
[Date "2014.06.21"]
[Round "3"]
[White "Everitt, David"]
[Black "Shallice, Tim"]
[Result "0-1"]
[WhiteElo "1450"]
[BlackElo "1663"]

1. e4 c5 2. Nf3 e6 3. d4 cxd4 4. Nxd4 a6 5. c4 Qc7 6. Be2 Nf6 7. Nc3 b6 8. O-O
Bb7 9. f3 Be7 10. Be3 O-O 11. Qd2 d5 12. cxd5 exd5 13. Bf4 Bd6 14. Bxd6 Qxd6
15. Nf5 Qc5+ 16. Kh1 dxe4 17. Qg5 Ne8 18. fxe4 Nd7 19. Ne7+ Kh8 20. Qxc5 Nxc5
21. Bf3 Nf6 22. Rfe1 Nd3 23. Re2 Ne5 24. Ned5 Nxd5 25. Nxd5 Nxf3 26. gxf3 b5
27. Rd1 f5 28. Nb6 Rad8 29. Rxd8 Rxd8 30. exf5 Bxf3+ {#R} 0-1

[Event "18th Hampstead U2200 Congress"]
[Site "London, England"]
[Date "2014.06.21"]
[Round "3"]
[White "McGann, John"]
[Black "Pollack, Oscar"]
[Result "0-1"]
[WhiteElo "1338"]
[BlackElo "1490"]

1. e4 e6 2. Nf3 d5 3. exd5 exd5 4. Bd3 Nf6 5. O-O Bd6 6. Re1+ Be6 7. Ng5 Qd7
8. Nxe6 fxe6 9. b3 O-O 10. Bb2 Nc6 11. c4 d4 12. a3 e5 13. Qc2 Rae8 14. Bf5
Qe7 15. c5 Bxc5 16. b4 Bd6 17. Qc4+ Kh8 18. b5 Nb8 19. Bxd4 c5 20. bxc6 Nxc6
21. Bb2 Qc7 22. Nc3 a6 23. Qh4 Nd4 24. Bb1 Nb3 25. Nd5 Qf7 26. Nxf6 gxf6 27.
Ra2 Nxd2 28. Rd1 Nxb1 29. Rxd6 Qxa2 30. Rd7 Rf7 31. Qh5 Ref8 32. Qh6 Qxb2 33.
Re7 Qxa3 34. Rxb7 Rxb7 35. g4 Qb4 36. h3 Rd7 37. Qh5 Rd1+ 38. Kg2 Qe4+ 39. Kg3
Rg1+ 40. Kh4 Qf3 41. Qh6 Qxf2+ 42. Kh5 Rg8 43. h4 R1xg4 {(White missed the two
possible stalemates!)} {#R} 0-1

[Event "18th Hampstead U2200 Congress"]
[Site "London, England"]
[Date "2014.06.21"]
[Round "3"]
[White "Xu, Shilin"]
[Black "Gribben, Chris"]
[Result "0-1"]
[WhiteElo "1200"]
[BlackElo "1540"]

1. d4 d5 2. Nf3 Bf5 3. g3 Nf6 4. Bg2 e6 5. O-O Bd6 6. Nh4 Bg6 7. Nxg6 hxg6 8.
Bf4 Bxf4 9. gxf4 Ng4 10. h3 Qh4 11. Qd3 Nd7 12. Qg3 Qxg3 13. fxg3 Ne3 14. Rc1
Nf5 15. Kf2 Nxd4 16. c3 Nf5 17. Nd2 c6 18. g4 Nd6 19. c4 f5 20. g5 Ke7 21.
cxd5 exd5 22. Rc3 Ne4+ 23. Nxe4 fxe4 24. b4 a6 25. a4 Nb6 26. Bf1 Nc4 27. Kg3
Nd6 28. Rb1 Nc4 29. Bg2 Rhd8 30. Bxe4 Nd2 31. Bxg6 Nxb1 32. Bxb1 Kf7 33. f5
Re8 34. e3 Rad8 35. h4 d4 36. Ba2+ Kf8 37. exd4 Rxd4 38. Be6 Red8 39. g6 Rd3+
40. Rxd3 Rxd3+ 41. Kg4 Ke7 42. h5 Kf6 {#R} 0-1

[Event "18th Hampstead U2200 Congress"]
[Site "London, England"]
[Date "2014.06.22"]
[Round "4"]
[White "Ronka, Erik"]
[Black "Jyothilal, N."]
[Result "1-0"]
[WhiteElo "2173"]
[BlackElo "2048"]

1. d4 Nf6 2. c4 g6 3. Nc3 d5 4. Nf3 Bg7 5. Qb3 dxc4 6. Qxc4 O-O 7. e4 Na6 8.
Be2 c5 9. d5 e6 10. O-O exd5 11. exd5 Bf5 12. Rd1 Re8 13. d6 Qd7 14. Qh4 Nb4
15. Bb5 Nc6 16. Bg5 Re6 17. Bc4 Rxd6 18. Rxd6 Qxd6 19. Rd1 Nd4 20. Nxd4 cxd4
21. Rxd4 Qe5 22. Rd1 Re8 23. h3 a6 24. Qf4 Qxf4 25. Bxf4 b5 26. Bb3 Bf8 27.
Bg5 Kg7 28. Be3 Kg8 29. Bd4 Bg7 30. Be3 Bf8 31. g4 Bc8 32. g5 Nd7 33. Nd5 Bg7
34. Nc7 Re7 35. Nd5 Re8 36. Rc1 Bxb2 37. Rxc8 Rxc8 38. Ne7+ Kf8 39. Nxc8 Be5
40. Nb6 Nb8 41. f4 Bd6 42. Kg2 a5 43. a4 bxa4 44. Bxa4 Na6 45. Nc4 Bb4 46. Kf3
Ke7 47. Bb6 f6 48. Nxa5 Bc3 49. Bb5 Nb8 50. Bc5+ Ke6 51. Bc4+ Kd7 52. Nb3 fxg5
53. fxg5 Bg7 54. Be3 Nc6 55. Bg8 Ke7 56. Bc5+ Ke8 57. Bxh7 Kf7 58. Nd2 Ba1 59.
Nc4 Kg7 60. Bxg6 Kxg6 61. Kg4 Nd8 62. h4 Ne6 63. h5+ Kg7 64. Bd6 Kh7 65. Be5
Bd4 66. Bxd4 Nxd4 67. Nd6 Nc6 68. Kf5 Kg7 69. h6+ Kh7 70. Kf6 Nb4 71. Nf5 Nd5+
72. Kf7 Nf4 73. Ne7 Ng6 74. Nd5 Ne5+ 75. Ke6 Nf3 76. Kf5 Nh4+ 77. Kg4 Ng2 78.
Nf4 Ne3+ 79. Kh5 Nf5 80. g6+ Kh8 81. Kg5 Nd6 82. Nd5 Ne8 83. Nf6 {#r} 1-0

[Event "18th Hampstead U2200 Congress"]
[Site "London, England"]
[Date "2014.06.22"]
[Round "4"]
[White "Krzyzanowski, Patryk"]
[Black "Gaudeau, Valentin"]
[Result "0-1"]
[WhiteElo "2006"]
[BlackElo "1965"]

1. d4 Nf6 2. c4 e6 3. Nf3 Bb4+ 4. Bd2 Qe7 5. g3 O-O 6. Bg2 Nc6 7. O-O Bxd2 8.
Qxd2 d6 9. Nc3 e5 10. Nd5 Nxd5 11. cxd5 Nxd4 12. Nxd4 exd4 13. Qxd4 Bd7 14.
Rac1 Rfc8 15. Rc2 c5 16. dxc6 bxc6 17. Rd2 d5 18. e4 Be6 19. exd5 cxd5 20.
Bxd5 Bxd5 21. Qxd5 Rd8 22. Qf3 Rxd2 23. Qxa8+ Rd8 24. Qc6 Rd6 25. Qc8+ Rd8 26.
Qc3 h5 27. Re1 Qb7 28. Qa5 Rd5 29. Re8+ Kh7 30. Qe1 g6 31. Re7 Rd7 32. Rxd7
Qxd7 33. Qe4 f5 34. Qf3 Qd4 35. Qb3 h4 36. gxh4 Qxh4 37. Kg2 Qe4+ 38. Qf3 Qb4
39. Qh3+ Kg8 40. Qb3+ Qxb3 41. axb3 Kf7 42. h4 Kf6 43. Kg3 Ke5 44. Kf3 a5 45.
Ke3 f4+ 46. Kd3 Kd5 47. f3 Kc5 48. Kc3 Kd5 49. Kc2 Kd4 50. Kd2 Kc5 51. Kc3 Kd5
52. b4 axb4+ {Time} {#R} 0-1

[Event "18th Hampstead U2200 Congress"]
[Site "London, England"]
[Date "2014.06.22"]
[Round "4"]
[White "Giles, Yasmin"]
[Black "Xu, David"]
[Result "1-0"]
[WhiteElo "1857"]
[BlackElo "1538"]

1. e4 c5 2. Nc3 Nc6 3. Bb5 g6 4. Bxc6 bxc6 5. f4 Bg7 6. Nf3 e6 7. d3 Ne7 8.
O-O d5 9. Qe1 Qa5 10. Bd2 Qb6 11. Na4 Qb5 12. b3 Bxa1 13. Qxa1 d4 14. c4 Qb8
15. Nxc5 Qd6 16. Qxd4 Qxd4+ 17. Nxd4 O-O 18. Ba5 Kg7 19. Bc7 Re8 20. b4 a6 21.
Rb1 Ra7 22. Bb6 Ra8 23. Kf2 Kh6 24. a4 g5 25. g3 gxf4 26. gxf4 Rg8 27. Kf3 Kh5
28. Rb2 Kh4 29. b5 axb5 30. cxb5 cxb5 31. Rxb5 Kh3 32. Ncxe6 Kh4 33. Nc6 Nxc6
34. Bf2+ {#r} 1-0

[Event "18th Hampstead U2200 Congress"]
[Site "London, England"]
[Date "2014.06.22"]
[Round "4"]
[White "Bonafont, Philip"]
[Black "Huang, Dion"]
[Result "1-0"]
[WhiteElo "2053"]
[BlackElo "1744"]

1. d4 Nf6 2. Nf3 g6 3. c4 Bg7 4. Nc3 O-O 5. Bf4 d6 6. e3 Na6 7. Be2 c5 8. d5
Bd7 9. O-O Nc7 10. h3 Rb8 11. a4 Na6 12. e4 Ne8 13. Qd2 Nb4 14. e5 dxe5 15.
Nxe5 Nd6 16. Ra3 Rc8 17. Rc1 Nf5 18. Ne4 Na6 19. Bf1 Nd6 20. Nc3 Nf5 21. Nb5
Ra8 22. g4 Nd6 23. Bg2 Nc7 24. Nd3 Ncxb5 25. axb5 Qc8 26. b3 b6 27. Be5 a6 28.
bxa6 Rxa6 29. Rca1 Rxa3 30. Rxa3 Qb7 31. Bxg7 Kxg7 32. Qc3+ Kg8 33. Qa1 f6 34.
Ra7 Qc8 35. Nf4 b5 36. Ne6 Bxe6 37. dxe6 Re8 38. Ra8 Qc7 39. Rxe8+ Nxe8 40.
Qa8 {#r} 1-0

[Event "18th Hampstead U2200 Congress"]
[Site "London, England"]
[Date "2014.06.22"]
[Round "4"]
[White "Villiers, Thomas"]
[Black "Finnegan, Oliver"]
[Result "1-0"]
[WhiteElo "2076"]
[BlackElo "1818"]

1. d4 Nf6 2. c4 e6 3. g3 Bb4+ 4. Bd2 Qe7 5. Bg2 Nc6 6. Nf3 Ne4 7. O-O Nxd2 8.
Nbxd2 Bxd2 9. Qxd2 d6 10. b4 O-O 11. b5 Nb8 12. e4 Nd7 13. Rfe1 e5 14. Qc3 a6
15. Rad1 f6 16. a4 exd4 17. Nxd4 Nc5 18. Nf5 Qe8 19. Qc2 g6 20. Ne3 Be6 21. f4
Kg7 22. b6 Bd7 23. Rd2 Bxa4 24. Qb1 Nb3 25. Rb2 Nc5 26. bxc7 Bc6 27. Nd5 Bxd5
28. exd5 Qd7 29. Rbe2 Rf7 30. h4 Qxc7 31. g4 Qd7 32. f5 Qa4 33. fxg6 hxg6 34.
h5 f5 35. hxg6 Kxg6 36. gxf5+ Kg7 37. Qb2+ Kg8 38. Qd4 b5 39. Re8+ Rf8 40.
R1e7 {#r} 1-0

[Event "18th Hampstead U2200 Congress"]
[Site "London, England"]
[Date "2014.06.22"]
[Round "4"]
[White "Dziedzic, Tomek"]
[Black "Kovacs, Zoltan"]
[Result "0-1"]
[WhiteElo "1795"]
[BlackElo "2042"]

1. Nf3 Nf6 2. c4 g6 3. d4 Bg7 4. Nc3 O-O 5. e4 d6 6. h3 e5 7. Be3 Nc6 8. d5
Ne7 9. Bd3 Ne8 10. Qd2 f5 11. Bh6 Nf6 12. Bxg7 Kxg7 13. O-O-O f4 14. Ng5 Nfg8
15. Be2 Nc6 16. Nxh7 Kxh7 17. dxc6 bxc6 18. c5 Rf6 19. Na4 Ne7 20. Qc3 Be6 21.
Bc4 Bxc4 22. Qxc4 d5 23. exd5 cxd5 24. Qe2 Re6 25. h4 c6 26. Qg4 Rf6 27. h5
Kg7 28. hxg6 Nxg6 29. Rh2 Qc8 30. Qxc8 Rxc8 31. Rdh1 Rh8 32. Kc2 Rxh2 33. Rxh2
e4 34. Rh3 Ne5 35. Nc3 Nd3 36. Rxd3 exd3+ 37. Kxd3 Rg6 38. Kd4 Rxg2 39. Ke5
Rxf2 40. Kd6 d4 41. Ne4 Rxb2 42. Kxc6 d3 43. Kd7 d2 44. c6 d1=Q+ 45. Nd6 Rd2
46. c7 Rxd6+ 47. Kc8 Qg4+ 48. Kb7 Qd7 49. Kb8 Rb6+ 50. Kxa7 Qxc7+ 51. Ka8 Rb8#
0-1

[Event "18th Hampstead U2200 Congress"]
[Site "London, England"]
[Date "2014.06.22"]
[Round "4"]
[White "Kalavannan, Koby"]
[Black "Lees, Fraser"]
[Result "1-0"]
[WhiteElo "1946"]
[BlackElo "1782"]

1. d4 Nf6 2. Nf3 g6 3. c4 Bg7 4. g3 O-O 5. Bg2 d6 6. O-O a6 7. Nc3 Nc6 8. d5
Na5 9. Nd2 c5 10. Qc2 Rb8 11. b3 b5 12. Bb2 bxc4 13. bxc4 Ng4 14. Rab1 Bf5 15.
e4 Bd7 16. h3 Ne5 17. Ne2 f5 18. f4 Rxb2 19. Rxb2 Nexc4 20. Nxc4 Nxc4 21. Rb3
Nb6 22. Rbb1 fxe4 23. g4 Nxd5 24. Bxe4 Nb4 25. Qb3+ Kh8 {(=)} 26. Qg3 d5 27.
a3 dxe4 28. axb4 Bb5 29. Rfd1 Qc7 30. Nc3 Bd3 31. Rbc1 c4 32. Nd5 Qd6 33. Ne3
Bd4 34. Kg2 {(=)} c3 35. Nc2 Ba7 36. Ne1 Qc6 37. Nxd3 exd3+ 38. Qf3 Qxf3+ 39.
Kxf3 e5 40. Rxc3 Bd4 {(=)} 41. Rcxd3 Rxf4+ 42. Kg2 Rf2+ 43. Kg3 Rb2 44. Ra3
Rxb4 45. Rxa6 Rb3+ 46. Kg2 Rb2+ 47. Kg3 Rb3+ 48. Kh4 Bf2+ 49. Kg5 Bd4 50. Rf1
Rb7 51. Kh6 Rb8 52. Rf7 Be3+ 53. g5 Kg8 54. Rg7+ Kh8 55. Rxh7+ Kg8 56. Rxg6+
{#r} 1-0

[Event "18th Hampstead U2200 Congress"]
[Site "London, England"]
[Date "2014.06.22"]
[Round "4"]
[White "Landau, Jonathan"]
[Black "Pride, Stephen"]
[Result "1-0"]
[WhiteElo "1937"]
[BlackElo "1776"]

1. e4 d6 2. Nc3 Nf6 3. f4 Bg4 4. Nf3 e6 5. h3 Bxf3 6. Qxf3 Nc6 7. Bb5 a6 8.
Bxc6+ bxc6 9. O-O Be7 10. b3 O-O 11. Bb2 d5 12. Rad1 c5 13. Rfe1 c6 14. d3 Re8
15. Ne2 Qb6 16. e5 Nd7 17. Qg4 Nf8 18. Ng3 Ng6 19. f5 exf5 20. Nxf5 Bf8 21. h4
d4 22. h5 Nxe5 23. Rxe5 Rxe5 24. Nh6+ Kh8 25. Nxf7+ Kg8 26. Nxe5 {#r} 1-0